000 00573nam a2200229Ia 4500
003 OSt
005 20220924143230.0
006 a|||||r|||| 00| 0
007 ta
008 220923b |||||||| |||| 00| 0 urd d
024 _a307365
037 _cTextual
040 _aARTS
_cARTS
_burd
041 _2urd
_aurd
082 _aO168,1M26x, E5
100 _aMohsin Mohd.
_9215150
245 0 _aKulliyat e loghat maulvi
260 _c1915
650 _aURDU LITERATURE
942 _hO168,1M26x, E5
_cTEXL
_2CC
999 _c453724
_d453724